000 00309nam a22001457a 4500
008 211020b ||||| |||| 00| 0 eng d
020 _a9780028022659
041 _aeng
080 _28th
_a621
082 _a621
100 _a26
101 _aMEK
245 _aBasic Electronics
_cGrob.B
942 _2udc
_cBK
999 _c58298
_d58298